000 01466cam a2200301 a 4500
001 3904
005 20240522160231.0
020 _a0439691427 (pbk.)
040 _aHT#
_cHT#
_dOCLCQ
_dEHH
_dVP@
_dBAKER
_dOCLCQ
_dXY4
_dDLC
_beng
050 0 0 _aPZ7.M9812
082 0 0 _a853.92
100 1 _aStilton, Geronimo
245 1 0 _aMy name is Stilton, Geronimo Stilton /
_cGeronimo Stilton
250 _aFirst printing , May 2005
260 _aNew York :
_bScholastic ;
_c2005
300 _a102 pages :
_bcolor illustrations : maps ;
_c20 cm.
490 _a Geronimo Stilton
505 _aH
520 _aEnter the world of Geronimo Stilton, where another funny adventure is always right around the corner. Each book is a fast-paced adventure with lively art and a unique format kids 7-10 will love.Have you met my very young assistant editor, Pinky Pick? She is only thirteen years old, but she is one of the cleverest mice I've ever known. If you've ever wondered how Pinky came to work for me at The Rodent's Gazette, this is the book for you! It's a looooong story... and one that's full of adventure, laughs, and of course, like all of my books, lots of embarrassing moments for yours truly!
521 0 _a450
_bLexile
521 1 _aH
_bRaz-Plus
650 0 _aMice
_vFiction.
650 1 _aMice
_vFiction.
650 1 _aJournalists
_vFiction.
650 1 _aHumorous stories.
906 _a7
_bcbc
_ccopycat
_d2
_encip
_f20
_gy-gencatlg
942 _2ddc
_cBK
_n0
999 _c3904
_d3904